00346nam a2200133Ia 450000500170000000800460001703700120006304000200007504100130009508400220010810000250013024500470015530000100020220250508150249.0008 250505s9999 xx 000 0 eng d aTextual aFEDLbengcFEDL aeng2eng a821.71, DUFqFEDL aDuffin Henry Charles 0aWay of happiness : A reading of wordsworth a128p.